| 000 | 00000nam##2200000za#4500 |
| 001 | 9.696439 |
| 003 | CaOODSP |
| 005 | 20210624235032 |
| 007 | cr ||||||||||| |
| 008 | 150407|2010||||xxc|||||o f|0| 0 eng|d |
| 040 | |aCaOODSP|beng |
| 043 | |an-cn--- |
| 086 | 1 |aA80-924/6-2010E-PDF |
| 110 | 1 |aCanada. |bAgriculture and Agri-Food Canada. |
| 245 | 10|aPolicy Forum on Co-operatives : |h[electronic resource]|bproceedings, March 23-24, 2010, Ottawa, Ontario / |cprepared by Intersol for the Rural and Co‐operatives Secretariat. |
| 260 | |aOttawa - Ontario : |bAgriculture and Agri-Food Canada |cc2010. |
| 300 | |a42p. |
| 590 | |a12-32-Supp|b2012-07-11 |
| 690 | 07|aCooperatives|2gcpds |
| 775 | 08|tForum sur les politiques concernant les coopératives : |w(CaOODSP)9.640554 |
| 856 | 40|ahttp://publications.gc.ca|qPDF|s584 KB|uhttps://publications.gc.ca/collections/collection_2012/agr/A80-924-6-2010-eng.pdf |